Normal view
MARC view
- Virdee, Bal S ,Virdee, Avtar S ,Banyamin, Ben Y
Entry Personal Name
001 - CONTROL NUMBER
- control field: 56618
003 - CONTROL NUMBER IDENTIFIER
- control field: NUST
005 - DATE AND TIME OF LATEST TRANSACTION
- control field: 20210628201736.0
008 - FIXED-LENGTH DATA ELEMENTS
- fixed length control field: 210628|| aca||aabn | a|a d
040 ## - CATALOGING SOURCE
- Original cataloging agency: NUST
- Transcribing agency: NUST
100 ## - HEADING--PERSONAL NAME
- Personal name: Virdee, Bal S ,Virdee, Avtar S ,Banyamin, Ben Y
670 ## - SOURCE DATA FOUND
- Source citation: Work cat.: (NUST): Virdee, Bal S ,Virdee, Avtar S ,Banyamin, Ben Y, Broadband microwave amplifiers, 2004
